| 000 | 00813nam a2200193 a 4500 | ||
|---|---|---|---|
| 001 | 001130764 | ||
| 003 | AM-YeHGA | ||
| 005 | 20250617152044.0 | ||
| 008 | 160222s1976 ||| r 000 0 rus d | ||
| 040 | _aAM-YeHGA | ||
| 041 | 0 | _arus | |
| 245 | 0 | 0 |
_aСложные системы управления / _cАН УССР. Научный совет по проблеме "Кибернетика". Ин-т кибернетики; Отв. ред. А.И. Кухтенко. |
| 260 |
_aКиев : _bИК, _c1976. |
||
| 300 | _a122 с. | ||
| 653 | 0 | _aАвтоматика и телемеханика - Автоматика - Сложные системы автоматики | |
| 700 | 1 |
_aКухтенко, А.И. _eред. _4edt |
|
| 710 | 2 | _aИнститут кибернетики АН УССР | |
| 090 | _c364959 | ||
| 999 |
_c363109 _d363109 |
||